000 00573nam a2200217Ia 4500
003 OSt
005 20220928135432.0
006 a|||||r|||| 00| 0
007 ta
008 220927b |||||||| |||| 00| 0 eng d
024 _a2160
037 _cTextual
040 _aSDCL
_cSDCL
_beng
041 _2eng
_aeng
082 _aX:51:f, M8
100 _aSoares Eric J
_9490630
245 0 _aCost-effective marketing research
_b A guide for marketing managers
260 _c1988
942 _hX:51:f, M8
_cTEXL
_2CC
999 _c805971
_d805971